| Tag |
First Indicator |
Second Indicator |
Subfields |
| LEADER |
00000cas a2200000 a 4500 |
| 001 |
in00000087036 |
| 005 |
20151008064708.0 |
| 008 |
760811d19721984fluuu1m s0uuua0eng d |
| 010 |
|
|
|a sf 78000617
|
| 012 |
|
|
|a 3
|b 3
|
| 022 |
0 |
|
|a 0271-7832
|
| 035 |
|
|
|a (OCoLC)02365195
|
| 035 |
|
|
|9 AAK4640AM
|
| 040 |
|
|
|a COO
|c COO
|d DLC
|d OCL
|d NSD
|d m.c.
|d TXA
|d UtOrBLW
|
| 042 |
|
|
|a lc
|a nsdp
|
| 043 |
|
|
|a n-us-fl
|
| 049 |
|
|
|a TXAE
|
| 050 |
0 |
0 |
|a UNC
|
| 090 |
|
|
|a QE99
|b .A3
|
| 130 |
0 |
|
|a Bulletin (Florida. Bureau of Geology)
|
| 210 |
0 |
|
|a Bull. - State Fla., Dep. Nat. Resour., Div. Resour. Manage., Bur. Geol.
|
| 222 |
|
0 |
|a Bulletin - State of Florida, Department of Natural Resources, Division of Resource Management, Bureau of Geology
|
| 245 |
1 |
0 |
|a Bulletin /
|c State of Florida, Bureau of Geology.
|
| 264 |
|
1 |
|a Tallahassee, Fla. :
|b Bureau of Geology, Division of Interior Resources, Florida Dept. of Natural Resources,
|c 1972-1984.
|
| 300 |
|
|
|a 5 numbers :
|b illustrations ;
|c 23 cm.
|
| 336 |
|
|
|a text
|b txt
|2 rdacontent
|
| 337 |
|
|
|a unmediated
|b n
|2 rdamedia
|
| 338 |
|
|
|a volume
|b nc
|2 rdacarrier
|
| 362 |
0 |
|
|a No. 54-no. 58.
|
| 510 |
0 |
|
|a GeoRef
|x 0197-7482
|
| 650 |
|
0 |
|a Geology
|z Florida
|x Periodicals.
|
| 650 |
|
0 |
|a Paleontology
|z Florida
|x Periodicals.
|
| 710 |
1 |
|
|a Florida.
|b Bureau of Geology.
|
| 780 |
0 |
0 |
|t Geological bulletin (Florida. Bureau of Geology)
|x 0085-0608
|
| 785 |
0 |
0 |
|t Bulletin (Florida Geological Survey)
|w (DLC)sn 92034049
|w (OCoLC)19907429
|
| 948 |
|
|
|a t3
|
| 999 |
|
|
|a MARS
|
| 999 |
f |
f |
|s 831d2ab3-4e2a-3704-b9a0-7c066293648a
|i 19aa9e46-0370-3d00-a47c-2a44fe7f1e77
|t 0
|
| 952 |
f |
f |
|p normal
|a Texas A&M University
|b College Station
|c Sterling C. Evans Library
|s Evans stk
|d Evans: Library Stacks
|t 0
|e QE99 .A3
|h Library of Congress classification
|i unmediated -- volume
|k no.57 c.2
|m A14815386484
|
| 998 |
f |
f |
|a QE99 .A3
|s no.57
|t 0
|l Evans: Library Stacks
|